| 000 | 00541nam a2200217Ia 4500 | ||
|---|---|---|---|
| 008 | 210210b2010 xxu||||| |||| 00| 0 eng d | ||
| 020 | _a8187359560 | ||
| 041 | _aeng | ||
| 082 | _a350.9 SHAG | ||
| 100 | _aSHARMA (Rajiv) | ||
| 245 | _aGood governance:stimuli and strategies | ||
| 260 |
_aJaipur _bAalekh Publishers _c2010 |
||
| 300 | _axii,244 | ||
| 650 | _astrategies | ||
| 650 | _agovernance:stimuli | ||
| 650 | _aGood | ||
| 650 | _aand | ||
| 690 | _aPublic Administration | ||
| 700 | _aARORA (Ramesh K) Ed | ||
| 906 | _a066477 | ||
| 999 |
_c147725 _d147725 |
||